00820cam a22002171 4500001001300000003000400013005001700017008004100034010001700075035002000092040004400112050001900156100003000175245017900205260005100384300003100435610004400466650004400510700003100554999001700585med47000849 DLC20260227111601.0860710s1946 nyua 000 0 eng c amed47000849  a(OCoLC)13848741 aU. S. Army medical librarycCUdCUdDLC00aRC445.M4bR8231 aWhite, Harding L.,d1897-14aThe training center plan for rehabilitation of the tuberculous at Rutland training center, Rutland, Mass.cAn interim report by Harding L. White ... and Robert W. Maloney ... aNew York,bNational tuberculosis assn.,c1946. avii, 35 p.billus.c23 cm.20aRutland Training Center (Rutland, Mass) 0aTuberculosisxPatientsxRehabilitation.1 aMaloney, Robert W.,d1914- c38199d38199